000
00284nam a2200097Ia 4500
008
220214s9999 xx 000 0 und d
245
0
_a
Siliconate-latex compositions for the injection of liquid damp-proof courses
260
_b
Rubber Developments
_c
1961-62
300
_a
8p
942
_c
RE
999
_c
45704
_d
45704